00905nac a22002291u 4500010001400000020002200014028001500036082001900051090001500070100003400085245012600119260005600245300003400301650004000335650004600375650004700421650004000468700002500508942002100533999001500554952010600569 a013552570 a052168255X (pbk.) bwww.bl.uk. a330.122bD8582 c2887d2887 aDuckett, Jane, 1964-  aThe open economy and its enemies :bpublic attitudes in east asia and eastern europe / .cJane Duckett, William L. Miller aCambridge :bCambridge University Press,2006c2006. axii, 271 p. :b ill.;c20cm. aVietnam -- Economic policy -- 1975- aKorea (South) -- Economic policy -- 1960- aCzech Republic -- Economic policy -- 1993- aUkraine -- Economic policy -- 1991- aDuckett, Jane, 1964- cBBk330.122D8582 c2887d2887 00104070aMAINbMAINc1STd2008-03-07ePurchasel0o330.122 DUCp000001359r2025-07-15 00:00:00yBB